Louis Tomlinson - Lemonade - All lyrics - Statistics

General Stats
  • This quiz has been taken 131 times
  • The average score is 142 of 181
Answer Stats
Answer % Correct
I
100%
Lemonade
100%
lemonade
100%
A
98%
so
98%
She
96%
Is
94%
need
92%
sweet
92%
all
90%
bitter
90%
little
88%
she’s
88%
She’s
88%
taste
88%
to
88%
To
88%
it
86%
in
84%
me
82%
win
82%
don’t
80%
go
80%
got
78%
or
78%
The
78%
the
78%
And
76%
home
76%
on
76%
wanna
76%
control
74%
escape
74%
her
74%
Her
74%
if
74%
No
74%
wasted
74%
into
72%
losing
72%
Would
72%
would
72%
human
70%
lose
70%
try
70%
Am
68%
delusion
68%
lie
68%
that
68%
like
66%
making
66%
only
66%
prove
66%
spaceship
66%
way
66%
from
64%
I’m
64%
never
64%
should
64%
yellow
64%
charm
62%
It’s
62%
I’ve
62%
bracelet
60%
life
60%
lucky
60%
At
58%
Bright
58%
seen
58%
times
58%
night
56%
chasing
54%
thinking
54%
Hung
52%
make
52%
point
52%
something
52%
twice
52%
waking
52%
start
50%
believe
48%
doing
48%
leave
48%
trying
48%
coming
46%
of
44%
are
42%
Might
40%
stuck
36%
Symptoms
34%
repeat
32%
No matching quizzes found
Score Distribution
Percent of People with Each Score
Percentile by Number Answered
Your Score History
You have not taken this quiz